00572nam a22002297a 450000500170000001000110001702000100002803500110003803700160004904000120006508200150007710000200009224500460011226000490015827000130020730000200022050000510024065000240029165000210031570000030033670000030033920170124110046.0 a187672 c00.00 a187672 bCen Lib/Ret aDPLbEN a808.3bBOO aBooth, Wayne C. aRhetoric of fiction /cby Wayne C.Booth  aChicago bUnversity of Chicago press c1961 bChicago  a445p.c21cm(Hb) aIncludes bibliographical references and index  aEnglish literature  aEnglish fiction